000 00689nam a2200289Ia 4500
005 20260324135044.0
008 008 260324s9999 xx 000 0 eng d
020 _a9780203825525
037 _aEBOOK
040 _aCRL
040 _beng
040 _cCRL
041 _2eng
041 _aeng
084 _qCRL
100 _aMargaretta Jolly
_91199162
245 0 _aEncyclopedia of Life Writing
245 0 _bAutobiographical and Biographical Forms
260 _bTaylor and Francis
260 _c2001
365 _a
365 _b690
856 _uhttp://www.taylorfrancis.com/books/9780203825525
942 _cEBOOK
999 _c1799856
_d1799856